Music Quiz

Random Music or Clickable Quiz

Which Diva: Whitney, Diana, Cher, Donna or Barbra? #2 Quiz Stats

 Plays Quiz not verified by Sporcle

Challenge
Share
Tweet
Embed
Score 0/20 Timer 05:00
0 Plays Today
% Correct
???
36.9%
???
35.7%
???
35%
???
34.4%
???
33.8%
???
33.8%
???
33.1%
???
32.5%
???
31.8%
???
30.6%
% Correct
???
29.9%
???
29.3%
???
29.3%
???
28.7%
???
28%
???
27.4%
???
26.1%
???
24.8%
???
24.8%
???
21.7%

You're not logged in!

Compare scores with friends on all Sporcle quizzes.
OR
Log In

You Might Also Like...

Show Comments

Extras

Top Quizzes Today


Score Distribution

Your Account Isn't Verified!

In order to create a playlist on Sporcle, you need to verify the email address you used during registration. Go to your Sporcle Settings to finish the process.

Report this User

Report this user for behavior that violates our Community Guidelines.

Details: